000 005910000a22001810004500
003 MACL
005 20160503152144.0
008 160503b xxu||||| |||| 00| 0 eng d
040 _aMACL
_cMACL
041 _aHindi
082 _a800 MIT
100 _aमिथिलेश्‍वर
_945164
245 _aसाहित्‍य की सामाजिकता
_cमिथिलेश्‍वर
260 _bशिल्‍पायन प्रकाशन
_c2005
_aनई दिल्‍ली
350 _a200
650 _aLiterature
_954972
942 _cHIN
_k800/MIT
_2ddc
999 _c41466
_d41466